Recenzia na monografiu autorky Ing. Viery Kubičkovej, PhD.: Inovačné aktivity podnikov služieb

Recenzia na monografiu autorky Viery Kubičkovej, ktorá pôsobí vedecky a pedagogicky na Katedre služieb a cestovného ruchu Obchodnej fakulty Ekonomickej univerzity v Bratislave. Monografia je zameraná na implementáciu inovácií do praxe a prínos inovačných aktivít v službách pre rozvoj konkurenciescho...

Ausführliche Beschreibung

Gespeichert in:
Bibliographische Detailangaben
1. Verfasser: Benešová, Dana, 1958-
Format: Buchkapitel
Sprache:Slowakisch
Schlagworte:
Tags: Tag hinzufügen
Keine Tags, Fügen Sie das erste Tag hinzu!

MARC

LEADER 00000naa$a2200000$$$4500
001 0128851
005 20240502072459.6
041 0 |a slo 
044 |a SK 
245 1 0 |a Recenzia na monografiu autorky Ing. Viery Kubičkovej, PhD.: Inovačné aktivity podnikov služieb  |c Dana Benešová 
520 |a Recenzia na monografiu autorky Viery Kubičkovej, ktorá pôsobí vedecky a pedagogicky na Katedre služieb a cestovného ruchu Obchodnej fakulty Ekonomickej univerzity v Bratislave. Monografia je zameraná na implementáciu inovácií do praxe a prínos inovačných aktivít v službách pre rozvoj konkurencieschopnosti ekonomiky. 
610 2 0 |a recenzie 
610 2 0 |a ruch cestovný 
610 2 0 |a služby 
610 2 0 |a stratégia inovačná 
610 2 0 |a podnik služieb 
610 2 0 |a efektívnosť inovácií 
610 2 0 |a konkurencieschopnosť 
100 1 |a Benešová, Dana, 1958-